Manažment výkonnosti v miestnej samospráve a jeho aplikácia vo vybraných obciach na Slovensku záverečná správa za celé obdobie riešenia projektu VEGA č. 1/0965/15 : doba riešenia od 1/2015 do 12/2017

Gespeichert in:
Bibliographische Detailangaben
1. Verfasser: Žárska, Elena, 1955-
Körperschaft: Ekonomická univerzita v Bratislave. Národohospodárska fakulta
Weitere Verfasser: Černěnko, Tomáš, 1981-, Jacko, Tomáš, 1987-, Ferčíková, Veronika, 1988-, Birčár, František, Patoprstý, Martin, 1985-, Vámošová, Monika, 1992-
Format: Buch
Sprache:Slowakisch
Veröffentlicht: Bratislava 2017
Ausgabe:1. vydanie
Schlagworte:
Tags: Tag hinzufügen
Keine Tags, Fügen Sie das erste Tag hinzu!

MARC

LEADER 00000nam a2200000 4500
001 0240499
005 20240521093639.8
041 0 |a slo 
044 |a SK 
245 1 0 |a Manažment výkonnosti v miestnej samospráve a jeho aplikácia vo vybraných obciach na Slovensku  |b záverečná správa za celé obdobie riešenia projektu VEGA č. 1/0965/15 : doba riešenia od 1/2015 do 12/2017  |c vedúci projektu: Elena Žárska, spoluriešitelia:Tomáš Černěnko ... [et al.] 
250 |a 1. vydanie 
264 1 |a Bratislava  |c 2017 
300 |a 12 s. 
610 2 0 |a samospráva miestna 
610 2 0 |a manažment verejnej správy 
610 2 0 |a obce 
100 1 |a Žárska, Elena, 1955- 
700 1 |a Černěnko, Tomáš, 1981- 
700 1 |a Jacko, Tomáš, 1987- 
700 1 |a Ferčíková, Veronika, 1988- 
700 1 |a Birčár, František 
700 1 |a Patoprstý, Martin, 1985- 
700 1 |a Vámošová, Monika, 1992- 
710 2 |a Ekonomická univerzita v Bratislave. Národohospodárska fakulta